000 00786nam a2200229 a 4500
999 _c415666
_d415666
003 BLK
005 20240127095724.0
008 200317b bu |||||r|||| 00| | bu d
020 _a9789542620891
040 _aBLK
041 _aBUL
_cBUL
080 _b821.163.2
_x-31
_z821.163.2-31
_a-31
100 _aДулева, Деметра Куманова
_eпърви автор
_91299
139 _aДулева, Деметра Куманова
_bД 92
245 _aПреобърнати съзвездия
_bДеметра Дулева.
_cРоман
257 _aBGR
260 _9209439
_aПловдив
_bХермес
_c2021
_fСофия : Алианс принт
_n978-954-26- ; 978-954-459-
300 _a287 с.
_c21 см
380 _aX
942 _cKNG
_n0
_s1
_09
944 _k30545
_lНора Радева